| 000 | 00651nam a2200229 a 4500 | ||
|---|---|---|---|
| 001 | 53590 | ||
| 003 | BD-RjUL | ||
| 005 | 20211209080004.0 | ||
| 008 | 161018s1979 enka|||| |||| 001 0 eng d | ||
| 035 | _a(BD-RjUL)53712 | ||
| 040 |
_aBD-RjUL _beng _cBD-RjUL |
||
| 041 | _aeng | ||
| 082 |
_222 _a550 _bGAI 1979 |
||
| 100 |
_a Garland, George D. _9160161 |
||
| 245 |
_aIntroduction to geophysics : _bmantle, core, and crust / _cGeorge D. Garland |
||
| 250 | _a2nd ed. | ||
| 260 |
_aLondon : _bW. B. Saunders Company, _cc1979. |
||
| 300 |
_axv, 494 p. : _bill. ; _c26 cm |
||
| 500 | _aIncludes index | ||
| 650 |
_aGeophysics. _9154835 |
||
| 942 |
_2ddc _cBK |
||
| 999 |
_c53590 _d53590 |
||